000 00897cam a2200241 4500
001 WB3613-30
008 000000n2000 000 0 eng u
035 _a(Sirsi) u105141
245 _aValue of properties doubled
260 _c2000
490 _aHerald
_v29 March 2000, 12(1)
520 _aRateable values for shops in Glasgow's Buchanan Street have doubled as a result of the revaluation. Large football stadia in the city are also facing a 100% increase. Businesses were advised not to panic as the transitional arrangements will ensure no-one faces more than a 7.5% in their rates bill.
590 _aWB
650 _aBUSINESS RATES
650 _aNON-DOMESTIC RATING
650 _aRATEABLE VALUES
650 _aRATING REVALUATION 2000
650 _aTRANSITIONAL ARRANGEMENTS
650 _aGLASGOW
650 _aSCOTLAND
690 _aRATING AND LOCAL TAXATION
942 _n0
999 _c63048
_d63048